Statistics for Top 10 Inhabited Dependent Territories

Click here to take the quiz!

General Stats

  • This quiz has been taken 27 times
  • The average score is 8 of 10

Answer Stats

PopGoverned ByAnswer% Correct
7.3 MillionChinaHong Kong
96%
3.4 MillionUSAPuerto Rico
93%
158,986NetherlandsCuracao
93%
650,000ChinaMacau
89%
162,742USAGuam
85%
113,648NetherlandsAruba
85%
275,355FranceNew Caledonia
70%
102,951USAUS Virgin Islands
70%
285,375FranceFrench Polynesia
67%
98,069UKJersey
52%

Score Distribution

Percentile by Number Answered

Percent of People with Each Score

Your Score History

You have not taken this quiz